Supermercado - Statistics

Estatísticas Gerais
  • Esse quiz foi jogado 26 vezes
  • A pontuação média é 3 de 15
Estatísticas das Respostas
Hint Resposta % Correto
4. Pão
84%
11. Sal
64%
8. Chocolate
44%
6. Massa
32%
5. Presunto
32%
13. Vinagre
24%
12. Azeitonas
8%
10. Mel
8%
9. Melância
4%
15. Camarão
0%
2. Gelatina
0%
1. Geleia
0%
14. Giletes
0%
3. Queques
0%
7. Rebuçados
0%
Nenhum quiz correspondente encontrado
Distribuição das Pontuações
Porcentagem de Pessoas com Cada Pontuação
Percentil de Números Respondidos
Sua Pontuação Histórica
Você não jogou esse quiz